[Event "Vanja Somov's Mem.- Young Stars 2009"]
[Site " Kirishi RUS"]
[Date "2009.05.14"]
[Round "6"]
[White "Belous, Vladimir"]
[Black "Narayanan, Srinath"]
[Result "1-0"]
[WhiteElo "2414"]
[BlackElo "2381"]
[PlyCount "75"]
[EventDate "2009.05.09"]
[EventType "tourn"]
[EventRounds "11"]
[EventCountry "RUS"]
[EventCategory "5"]
[Source "lmi"]
[SourceDate "2009.05.09"]

1. d4 Nf6 2. c4 g6 3. Nc3 Bg7 4. e4 d6 5. h3 O-O 6. Bg5 c5 7. d5 h6 8. Be3 e6
9. Bd3 exd5 10. exd5 Nbd7 11. Nf3 Re8 12. Qd2 a6 13. O-O Kh7 14. a4 Nh5 15. g4
Ne5 16. Be2 Nf6 17. Nxe5 Rxe5 18. Bf3 Re8 19. Bf4 Nd7 20. Bg3 h5 21. gxh5 Ne5
22. Bg2 Nxc4 23. hxg6+ fxg6 24. Qf4 Ne5 25. Ne4 Kg8 26. Bh4 Qd7 27. Qg3 Kh7 28.
f4 Nf7 29. f5 gxf5 30. Nf6+ Bxf6 31. Bxf6 Rg8 32. Qh4+ Kg6 33. Bf3 Nh6 34. Kh1
f4 35. Rg1+ Kf7 36. Qh5+ Kxf6 37. Qxh6+ Kf7 38. Rxg8 1-0

[Event "Vanja Somov's Mem.- Young Stars 2009"]
[Site " Kirishi RUS"]
[Date "2009.05.14"]
[Round "6"]
[White "Chan, Yi-Ren Daniel"]
[Black "Ipatov, Alexander"]
[Result "1-0"]
[WhiteElo "2375"]
[BlackElo "2486"]
[PlyCount "87"]
[EventDate "2009.05.09"]
[EventType "tourn"]
[EventRounds "11"]
[EventCountry "RUS"]
[EventCategory "5"]
[Source "lmi"]
[SourceDate "2009.05.09"]

1. e4 c5 2. Nf3 Nc6 3. d4 cxd4 4. Nxd4 Nf6 5. Nc3 d6 6. Bc4 e6 7. Bb3 Be7 8.
Be3 Bd7 9. Qe2 Na5 10. g4 O-O 11. g5 Ne8 12. Rg1 Rc8 13. h4 d5 14. exd5 e5 15.
Nf3 Bb4 16. Bd2 Nd6 17. O-O-O Nxb3+ 18. axb3 Qa5 19. Kb1 Bf5 20. Nxe5 Rfe8 21.
Rg3 Nb5 22. Qe3 Bxc3 23. Bxc3 Nxc3+ 24. bxc3 Qa3 25. c4 b5 26. Qc3 bxc4 27.
Nxc4 Qc5 28. Re3 Rxe3 29. Qxe3 Qb5 30. Kc1 a5 31. d6 Re8 32. Qb6 Qd7 33. Qc7
Kf8 34. Nb6 Qd8 35. c4 Bg4 36. Qxd8 Rxd8 37. Rd2 f6 38. c5 Bf3 39. Ra2 fxg5 40.
hxg5 h5 41. gxh6 gxh6 42. Rxa5 h5 43. Ra7 Kg8 44. Nd7 1-0

[Event "Vanja Somov's Mem.- Young Stars 2009"]
[Site " Kirishi RUS"]
[Date "2009.05.14"]
[Round "6"]
[White "Stukopin, Andrey"]
[Black "Shimanov, Aleksandr"]
[Result "1-0"]
[WhiteElo "2380"]
[BlackElo "2519"]
[PlyCount "107"]
[EventDate "2009.05.09"]
[EventType "tourn"]
[EventRounds "11"]
[EventCountry "RUS"]
[EventCategory "5"]
[Source "lmi"]
[SourceDate "2009.05.09"]

1. e4 c6 2. d3 d5 3. Nd2 e5 4. Ngf3 Bd6 5. g3 Nf6 6. Bg2 O-O 7. O-O Re8 8. Re1
Nbd7 9. c3 Bc7 10. d4 dxe4 11. Nxe5 Nxe5 12. dxe5 Bg4 13. Qb3 Nd7 14. Nxe4 Nxe5
15. Bg5 Qc8 16. c4 Be6 17. Qc3 Nxc4 18. Bf6 Bd5 19. Bxg7 Bxe4 20. Bxe4 Qg4 21.
Bh6 Ne5 22. Bf4 Qh5 23. Kg2 Re7 24. h3 f6 25. Qb3+ Qf7 26. Qxb7 Rb8 27. Qxa7
Rxb2 28. Qd4 Rxa2 29. Rxa2 Qxa2 30. Bxe5 Rxe5 31. Rc1 Qe6 32. Bxc6 Kg7 33. Qa7
Qd6 34. Bf3 Re7 35. Rc6 Qe5 36. Rc4 Qd6 37. Rg4+ Kf8 38. Qa8+ Qd8 39. Qa3 Qd6
40. Qc1 f5 41. Rc4 Rg7 42. Rc6 Rxg3+ 43. Kf1 Qd3+ 44. Be2 Qd5 45. Rf6+ Ke8 46.
Bh5+ Kd8 47. Rf8+ Ke7 48. Qxc7+ Kxf8 49. Qxg3 Qh1+ 50. Ke2 Qe4+ 51. Qe3 Qc4+
52. Ke1 Qb4+ 53. Kf1 Qh4 54. Qh6+ 1-0

[Event "Vanja Somov's Mem.- Young Stars 2009"]
[Site " Kirishi RUS"]
[Date "2009.05.15"]
[Round "7"]
[White "Ipatov, Alexander"]
[Black "Stukopin, Andrey"]
[Result "1/2-1/2"]
[WhiteElo "2486"]
[BlackElo "2380"]
[PlyCount "174"]
[EventDate "2009.05.09"]
[EventType "tourn"]
[EventRounds "11"]
[EventCountry "RUS"]
[EventCategory "5"]
[Source "lmi"]
[SourceDate "2009.05.09"]

1. d4 d5 2. c4 dxc4 3. Nf3 Nf6 4. e3 Bg4 5. Bxc4 e6 6. Nc3 Nc6 7. h3 Bh5 8. g4
Bg6 9. Nh4 Qd7 10. Bf1 O-O-O 11. Bg2 e5 12. d5 Bb4 13. Nxg6 hxg6 14. e4 Ne7 15.
Be3 Kb8 16. Qb3 Ba5 17. O-O-O Bb6 18. Kb1 Ne8 19. Na4 f6 20. Rc1 Nd6 21. Nc5
Bxc5 22. Rxc5 Nec8 23. Rhc1 Qe7 24. f3 Rd7 25. a4 b6 26. Rc6 Nb7 27. Qb5 Ncd6
28. Qa6 f5 29. R6c3 Rf8 30. Qe2 Rf7 31. Ka1 Nc8 32. Rc6 Na5 33. R6c3 Nb7 34.
Ra3 a5 35. Rac3 Nbd6 36. R1c2 Qd8 37. Rc1 Kb7 38. Qd2 Kb8 39. Rb1 Nb7 40. Qc2
Qf8 41. Rc6 Rd6 42. Rc1 Rxc6 43. Qxc6 Qd6 44. Qc3 Qe7 45. Rc2 Ncd6 46. Ka2 Ne8
47. Bg1 Nf6 48. Re2 fxe4 49. fxe4 Nd7 50. b3 Nbc5 51. Be3 Qh4 52. Bxc5 Nxc5 53.
Qxe5 Rf2 54. Rxf2 Qxf2+ 55. Qb2 Qe3 56. Bf1 Nxe4 57. Qc2 Nc3+ 58. Kb2 Nxd5 59.
Bc4 Qd4+ 60. Kc1 Qa1+ 61. Kd2 Qd4+ 62. Kc1 Nf4 63. h4 Qg1+ 64. Qd1 Qxd1+ 65.
Kxd1 Ng2 66. Ke2 Nxh4 67. Ke3 g5 68. Ke4 Kc8 69. Ke5 Kd7 70. Bb5+ Ke7 71. Bc6
Ng6+ 72. Kf5 Nf4 73. Kxg5 Ne6+ 74. Kg6 Nd4 75. Be4 Kf8 76. Bd5 c6 77. Bg2 Nxb3
78. Bxc6 Nd4 79. Bd7 Ke7 80. Bf5 Kf8 81. Bd7 Ne2 82. Bb5 Nf4+ 83. Kg5 Nd5 84.
Kf5 Nc3 85. Bc6 Ke7 86. g5 Nd1 87. Bb5 Nc3 1/2-1/2

[Event "Vanja Somov's Mem.- Young Stars 2009"]
[Site " Kirishi RUS"]
[Date "2009.05.15"]
[Round "7"]
[White "Kovalev, Vladislav"]
[Black "Ganichev, Alexander"]
[Result "1-0"]
[WhiteElo "2320"]
[BlackElo "2154"]
[PlyCount "47"]
[EventDate "2009.05.09"]
[EventType "tourn"]
[EventRounds "11"]
[EventCountry "RUS"]
[EventCategory "5"]
[Source "lmi"]
[SourceDate "2009.05.09"]

1. e4 c5 2. Nf3 e6 3. Nc3 d6 4. d4 cxd4 5. Nxd4 Nf6 6. g4 Nc6 7. g5 Nd7 8. Be3
Nb6 9. Qd2 d5 10. Bb5 Bd7 11. exd5 exd5 12. O-O-O Be7 13. h4 O-O 14. Nb3 Be6
15. Nc5 Bg4 16. Nxb7 Qc8 17. Bxb6 Nb4 18. Rde1 Qxb7 19. Bd4 a6 20. Ba4 Be6 21.
h5 Nc6 22. Bxc6 Qxc6 23. Qe3 Bd6 24. g6 1-0

[Event "Vanja Somov's Mem.- Young Stars 2009"]
[Site " Kirishi RUS"]
[Date "2009.05.17"]
[Round "8"]
[White "Ganichev, Alexander"]
[Black "Narayanan, Srinath"]
[Result "0-1"]
[WhiteElo "2318"]
[BlackElo "2414"]
[PlyCount "94"]
[EventDate "2009.05.09"]
[EventType "tourn"]
[EventRounds "11"]
[EventCountry "RUS"]
[EventCategory "5"]
[Source "lmi"]
[SourceDate "2009.05.09"]

1. e4 c5 2. Nf3 d6 3. d4 cxd4 4. Qxd4 a6 5. c4 Nc6 6. Qe3 g6 7. Be2 Bg7 8. O-O
Bg4 9. Rd1 Qc8 10. Na3 Bxf3 11. Bxf3 Ne5 12. Be2 Nf6 13. h3 O-O 14. Rb1 Ned7
15. b3 Qc5 16. f3 Qa5 17. Qd2 Qc7 18. Bb2 Qc5+ 19. Kh1 Nh5 20. Bxg7 Kxg7 21.
Nc2 Qf2 22. Bd3 Qh4 23. Qe1 Qg5 24. Qe3 Nf4 25. Bf1 Ne5 26. Kh2 Qf6 27. g3 Ne6
28. f4 Nc6 29. Qd2 h5 30. h4 Nc5 31. Bg2 e5 32. Qxd6 Ne6 33. fxe5 Nxe5 34. Qd2
Ng4+ 35. Kg1 Qe5 36. Qd6 Qc3 37. Qd3 Qe5 38. Qd6 Qf6 39. Qd2 Rad8 40. Qe1 Qe5
41. b4 Nd4 42. Ne3 Qxg3 43. Qxg3 Ne2+ 44. Kf1 Nxg3+ 45. Ke1 Nxe3 46. Rxd8 Nxg2+
47. Kf2 Nxe4+ 0-1

[Event "Vanja Somov's Mem.- Young Stars 2009"]
[Site " Kirishi RUS"]
[Date "2009.05.17"]
[Round "8"]
[White "Chan, Yi-Ren Daniel"]
[Black "Kovalev, Vladislav"]
[Result "1/2-1/2"]
[WhiteElo "2519"]
[BlackElo "2335"]
[PlyCount "36"]
[EventDate "2009.05.09"]
[EventType "tourn"]
[EventRounds "11"]
[EventCountry "RUS"]
[EventCategory "5"]
[Source "lmi"]
[SourceDate "2009.05.09"]

1. e4 e5 2. Nf3 Nc6 3. d4 exd4 4. Bc4 Nf6 5. O-O Nxe4 6. Re1 d5 7. Bxd5 Qxd5 8.
Nc3 Qa5 9. Nxe4 Be6 10. Bd2 Qd5 11. Bg5 Bd6 12. Bf6 O-O 13. Nxd4 Nxd4 14. Qxd4
Qxd4 15. Bxd4 Rfd8 16. Nxd6 Rxd6 17. Be3 Rad8 18. b3 h6 1/2-1/2

[Event "Vanja Somov's Mem.- Young Stars 2009"]
[Site " Kirishi RUS"]
[Date "2009.05.17"]
[Round "8"]
[White "Stukopin, Andrey"]
[Black "Dubov, Daniil"]
[Result "0-1"]
[WhiteElo "2380"]
[BlackElo "2372"]
[PlyCount "90"]
[EventDate "2009.05.09"]
[EventType "tourn"]
[EventRounds "11"]
[EventCountry "RUS"]
[EventCategory "5"]
[Source "lmi"]
[SourceDate "2009.05.09"]

1. e4 c5 2. Nc3 Nc6 3. g3 g6 4. d3 Bg7 5. Be3 d6 6. Qd2 Nd4 7. Nd1 e5 8. c3 Nc6
9. Bg2 Be6 10. Ne2 Nge7 11. O-O O-O 12. f4 Qd7 13. d4 cxd4 14. cxd4 exf4 15.
Nxf4 Bc4 16. Re1 Rae8 17. d5 Ne5 18. Bxa7 Ra8 19. Bd4 Rxa2 20. Rxa2 Bxa2 21.
Ne3 Qa4 22. Bc3 Bc4 23. Rc1 Ba6 24. Bb4 Rd8 25. h4 h5 26. Ba3 Bh6 27. Rc7 Qe8
28. Qc3 Nc8 29. Bh3 Bg7 30. Qc2 Na7 31. Kf2 Nb5 32. Rc8 Nxa3 33. bxa3 b5 34.
Rc6 Ra8 35. Rxd6 Bf8 36. Rb6 Qd8 37. Rc6 Bxa3 38. Rc3 Bd6 39. Qb3 b4 40. Rc2
Qb6 41. Ra2 Bc5 42. d6 Qxd6 43. Nfd5 Nd3+ 44. Kg2 Bxe3 45. Nxe3 Nc1 0-1

[Event "Vanja Somov's Mem.- Young Stars 2009"]
[Site " Kirishi RUS"]
[Date "2009.05.18"]
[Round "9"]
[White "Ipatov, Alexander"]
[Black "Naroditsky, Daniel"]
[Result "1/2-1/2"]
[WhiteElo "2486"]
[BlackElo "2335"]
[PlyCount "115"]
[EventDate "2009.05.09"]
[EventType "tourn"]
[EventRounds "11"]
[EventCountry "RUS"]
[EventCategory "5"]
[Source "lmi"]
[SourceDate "2009.05.09"]

1. d4 Nf6 2. c4 g6 3. Nc3 Bg7 4. e4 d6 5. Bg5 h6 6. Be3 Ng4 7. Bc1 e5 8. d5 f5
9. Be2 Nf6 10. exf5 gxf5 11. f4 e4 12. Be3 c5 13. Nh3 Na6 14. Nf2 h5 15. a3 Ng4
16. Nxg4 hxg4 17. h3 gxh3 18. Bh5+ Kf8 19. Rxh3 Bd7 20. Kf2 Rb8 21. Qh1 b5 22.
Nxb5 Qf6 23. Rd1 Qxb2+ 24. Rd2 Qf6 25. Qd1 Ke7 26. Nxa7 Rb2 27. Nb5 Bxb5 28.
cxb5 Nc7 29. Kg1 Nxb5 30. Qa4 Rxd2 31. Qxb5 Rb2 32. Qc6 Rd8 33. Kh2 Kf8 34. Rg3
Rb3 35. Qc7 Rxe3 36. Rxe3 Qe7 37. Qxe7+ Kxe7 38. Be2 Bh6 39. g3 Rb8 40. Bc4
Rb2+ 41. Re2 Rb1 42. a4 Rb4 43. Bb5 Bg7 44. Rc2 Bd4 45. Kg2 Kf6 46. Kf1 Rb3 47.
Kg2 Ra3 48. Kh2 Bc3 49. Kg2 Be1 50. g4 fxg4 51. Re2 Bb4 52. Rxe4 Kf5 53. Re6
Kxf4 54. Rxd6 Ra2+ 55. Kf1 Ra1+ 56. Kg2 Ra2+ 57. Kf1 Ra1+ 58. Kg2 1/2-1/2

[Event "Vanja Somov's Mem.- Young Stars 2009"]
[Site " Kirishi RUS"]
[Date "2009.05.18"]
[Round "9"]
[White "Kovalev, Vladislav"]
[Black "Stukopin, Andrey"]
[Result "0-1"]
[WhiteElo "2486"]
[BlackElo "2335"]
[PlyCount "90"]
[EventDate "2009.05.09"]
[EventType "tourn"]
[EventRounds "11"]
[EventCountry "RUS"]
[EventCategory "5"]
[Source "lmi"]
[SourceDate "2009.05.09"]

1. e4 c5 2. Nf3 e6 3. Nc3 a6 4. d4 cxd4 5. Nxd4 b5 6. Be2 Bb7 7. O-O b4 8. Nd5
exd5 9. exd5 Bc5 10. Re1 Ne7 11. d6 Bxd6 12. Bf3 Bxf3 13. Qxf3 Nbc6 14. Nf5 Qc7
15. Nxg7+ Kd8 16. Bg5 Rb8 17. Nf5 f6 18. Nxe7 Bxe7 19. Bxf6 Re8 20. Rad1 Kc8
21. Qh3 Qd8 22. Bg7 Bc5 23. Qxh7 Kc7 24. Qh3 d6 25. c3 Qg5 26. cxb4 Nxb4 27.
Bc3 Rf8 28. Qh7+ Kc6 29. Bd4 Rbe8 30. Rxe8 Rxe8 31. Bxc5 Qxc5 32. a3 Re2 33.
Rf1 Nd5 34. b4 Qd4 35. Qg8 Nf4 36. Qc8+ Kb5 37. a4+ Kxb4 38. Qxa6 Ka3 39. a5
Qd5 40. f3 Rxg2+ 41. Kh1 Qd2 42. Ra1+ Kb2 43. Qb5+ Kxa1 44. Qa4+ Kb2 45. Qb5+
Ka3 0-1

[Event "Vanja Somov's Mem.- Young Stars 2009"]
[Site " Kirishi RUS"]
[Date "2009.05.18"]
[Round "9"]
[White "Narayanan, Srinath"]
[Black "Chan, Yi-Ren Daniel"]
[Result "1-0"]
[WhiteElo "2381"]
[BlackElo "2375"]
[PlyCount "109"]
[EventDate "2009.05.09"]
[EventType "tourn"]
[EventRounds "11"]
[EventCountry "RUS"]
[EventCategory "5"]
[Source "lmi"]
[SourceDate "2009.05.09"]

1. e4 e5 2. Nf3 Nc6 3. Bc4 Nf6 4. d3 Bc5 5. O-O O-O 6. h3 Re8 7. Re1 a6 8. c3
Ba7 9. Bb3 Na5 10. Bc2 d5 11. exd5 Qxd5 12. Nbd2 Bd7 13. Qe2 Bf5 14. Nh4 Bg6
15. Nxg6 hxg6 16. Nf3 c5 17. Bg5 Rac8 18. Bh4 Nh5 19. Qe3 Nf4 20. Bg3 g5 21. c4
Qd8 22. Ba4 Re6 23. h4 gxh4 24. Bxf4 exf4 25. Qxf4 Rf6 26. Qxh4 Qxd3 27. Rad1
Qh7 28. Qg4 Rf8 29. Re8 Rxe8 30. Bxe8 Qf5 31. Qg3 Bb6 32. Ng5 Nxc4 33. Bd7 Qe5
34. Qg4 Qf4 35. Ne4 Qxg4 36. Nxf6+ gxf6 37. Bxg4 Bc7 38. Rd7 Be5 39. b3 Nd6 40.
Bf3 b5 41. Ra7 c4 42. bxc4 bxc4 43. Rxa6 c3 44. Rc6 Nb5 45. Rc8+ Kg7 46. a4 Nc7
47. Be4 f5 48. Bd3 Nd5 49. a5 Kf6 50. Rc4 Bc7 51. a6 Bb6 52. Be2 Ke5 53. Bf3
Bd4 54. Bxd5 Kxd5 55. Rxc3 1-0

[Event "Vanja Somov's Mem.- Young Stars 2009"]
[Site " Kirishi RUS"]
[Date "2009.05.18"]
[Round "9"]
[White "Fedoseev, Vladimir"]
[Black "Ganichev, Alexander"]
[Result "1/2-1/2"]
[WhiteElo "2381"]
[BlackElo "2375"]
[PlyCount "109"]
[EventDate "2009.05.09"]
[EventType "tourn"]
[EventRounds "11"]
[EventCountry "RUS"]
[EventCategory "5"]
[Source "lmi"]
[SourceDate "2009.05.09"]

1. e4 e5 2. Nf3 Nc6 3. Bb5 a6 4. Bc4 Nf6 5. O-O Be7 6. Re1 b5 7. Bb3 O-O 8. d4
d6 9. c3 Bg4 10. d5 Na5 11. Bc2 c6 12. h3 Bc8 13. dxc6 Qc7 14. Nbd2 Qxc6 15.
Nf1 Be6 16. Ng3 Rfe8 17. Ng5 h6 18. Nxe6 fxe6 19. Nh5 Rf8 20. Re3 Qe8 21. Nxf6+
Rxf6 22. a4 Qf8 23. Qe2 Nc4 24. Rg3 d5 25. exd5 exd5 26. Qd3 Rd8 27. Qh7+ Kf7
28. axb5 Bc5 29. Rf3 Rxf3 30. gxf3 axb5 31. b3 Nd6 32. Bxh6 e4 33. Be3 Bxe3 34.
fxe3 Qh8 35. Ra7+ Kf6 36. fxe4 Qxh7 37. e5+ Kxe5 38. Bxh7 Kf6 39. Rc7 Rh8 40.
Bd3 Rxh3 41. Kf2 Rh2+ 42. Kf3 Rh3+ 43. Ke2 Rh2+ 44. Ke1 Rh1+ 45. Kd2 Rh2+ 46.
Ke1 Rh1+ 47. Kf2 Rh2+ 48. Kg3 Rd2 49. Bh7 Rb2 50. b4 Nc4 51. Bg8 Re2 52. Rc6+
Kg5 53. Bxd5 Rxe3+ 54. Kf2 Rxc3 55. Rc5 1/2-1/2

[Event "Vanja Somov's Mem.- Young Stars 2009"]
[Site " Kirishi RUS"]
[Date "2009.05.19"]
[Round "10"]
[White "Chan, Yi-Ren Daniel"]
[Black "Fedoseev, Vladimir"]
[Result "0-1"]
[WhiteElo "2375"]
[BlackElo "2318"]
[PlyCount "112"]
[EventDate "2009.05.09"]
[EventType "tourn"]
[EventRounds "11"]
[EventCountry "RUS"]
[EventCategory "5"]
[Source "lmi"]
[SourceDate "2009.05.09"]

1. e4 c5 2. Nf3 d6 3. d4 Nf6 4. Nc3 cxd4 5. Nxd4 a6 6. Bc4 b5 7. Bb3 Bb7 8. O-O
Nbd7 9. Re1 Nc5 10. Bg5 e6 11. Qf3 Be7 12. Rad1 O-O 13. a3 Nfxe4 14. Bxe7 Nxc3
15. Qxc3 Qxe7 16. Qg3 Qc7 17. Ba2 Rfe8 18. Qh4 Qd8 19. Qf4 d5 20. Qg4 Qf6 21.
f4 Ne4 22. Rf1 a5 23. h3 b4 24. axb4 axb4 25. Bb3 h5 26. Qf3 g6 27. g3 Kg7 28.
Kg2 Re7 29. g4 hxg4 30. hxg4 g5 31. fxg5 Qxg5 32. Rh1 Nf6 33. Rh3 Rg8 34. Rg3
Kf8 35. Rf1 Rg6 36. Re1 e5 37. Qd3 exd4 38. Rxe7 Kxe7 39. Qb5 Qd2+ 40. Kg1 Qe1+
41. Kg2 Ba6 42. Qc5+ Ke8 43. Ba4+ Nd7 44. Bxd7+ Kxd7 45. Qxd5+ Ke7 46. Qc5+ Ke8
47. g5 Bb7+ 48. Kh3 Qe6+ 49. Kh4 Qe4+ 50. Kh3 Qh1+ 51. Kg4 Re6 52. Qb5+ Kf8 53.
Qxb4+ Kg8 54. Qc4 Re4+ 55. Kf5 Qh7+ 56. g6 Qh5+ 0-1

[Event "Vanja Somov's Mem.- Young Stars 2009"]
[Site " Kirishi RUS"]
[Date "2009.05.19"]
[Round "10"]
[White "Stukopin, Andrey"]
[Black "Narayanan, Srinath"]
[Result "1-0"]
[WhiteElo "2380"]
[BlackElo "2381"]
[PlyCount "51"]
[EventDate "2009.05.09"]
[EventType "tourn"]
[EventRounds "11"]
[EventCountry "RUS"]
[EventCategory "5"]
[Source "lmi"]
[SourceDate "2009.05.09"]

1. e4 c5 2. Nc3 d6 3. g3 g6 4. d3 Bg7 5. Bg2 Nc6 6. Be3 e5 7. Qd2 Nge7 8. Bh6
O-O 9. h4 f6 10. Bxg7 Kxg7 11. h5 g5 12. h6+ Kg8 13. f4 exf4 14. gxf4 Ng6 15.
Nge2 Bg4 16. Bh3 Bf3 17. Rg1 Nd4 18. Nxd4 cxd4 19. Nd5 f5 20. Rxg5 fxe4 21.
Be6+ Kh8 22. dxe4 Ne5 23. Qxd4 Rxf4 24. Rxe5 Qh4+ 25. Kd2 Qh2+ 26. Kc3 1-0

[Event "Vanja Somov's Mem.- Young Stars 2009"]
[Site " Kirishi RUS"]
[Date "2009.05.19"]
[Round "10"]
[White "Shimanov, Aleksandr"]
[Black "Kovalev, Vladislav"]
[Result "1-0"]
[WhiteElo "2519"]
[BlackElo "2320"]
[PlyCount "80"]
[EventDate "2009.05.09"]
[EventType "tourn"]
[EventRounds "11"]
[EventCountry "RUS"]
[EventCategory "5"]
[Source "lmi"]
[SourceDate "2009.05.09"]

1. e4 e5 2. Nf3 Nc6 3. Bc4 Nf6 4. d3 Be7 5. O-O O-O 6. Re1 d6 7. a4 Be6 8. Nc3
Bxc4 9. dxc4 Nd7 10. Be3 Nc5 11. a5 Kh8 12. Bxc5 dxc5 13. a6 b6 14. Nb5 Bd6 15.
c3 Ne7 16. Qd2 Nc8 17. Rad1 Qe7 18. Qd5 Rb8 19. Qb7 Rxb7 20. axb7 a6 21. b8=Q
axb5 22. cxb5 c6 23. Rxd6 Nxd6 24. Qxb6 cxb5 25. Qxc5 f6 26. Rd1 Rd8 27. h3 h6
28. Kh2 Kh7 29. Ne1 Qe6 30. Qc6 Qe7 31. Rd5 Ne8 32. Rxb5 Rd2 33. Rb7 Qd8 34.
Nf3 Rxf2 35. Rd7 Qb8 36. b4 f5 37. Nh4 fxe4 38. Qg6+ Kh8 39. Re7 Rf8 40. Nf5
Rg8 1-0

[Event "Vanja Somov's Mem.- Young Stars 2009"]
[Site " Kirishi RUS"]
[Date "2009.05.20"]
[Round "11"]
[White "Kovalev, Vladislav"]
[Black "Ipatov, Alexander"]
[Result "1/2-1/2"]
[WhiteElo "2320"]
[BlackElo "2486"]
[PlyCount "68"]
[EventDate "2009.05.09"]
[EventType "tourn"]
[EventRounds "11"]
[EventCountry "RUS"]
[EventCategory "5"]
[Source "lmi"]
[SourceDate "2009.05.09"]

1. e4 e5 2. Nf3 Nf6 3. Nxe5 d6 4. Nf3 Nxe4 5. Nc3 Nxc3 6. dxc3 Be7 7. Bf4 Nd7
8. Qd2 O-O 9. O-O-O Nc5 10. Be3 Re8 11. Bc4 Be6 12. Bxe6 Nxe6 13. h4 Qd7 14.
Qd5 Qc6 15. c4 Qxd5 16. cxd5 Nc5 17. Bxc5 dxc5 18. Rhe1 Bd6 19. Kd2 g6 20. a4
b6 21. Kd3 a6 22. Rxe8+ Rxe8 23. Re1 Rxe1 24. Nxe1 Kf8 25. Nf3 Ke7 26. g3 h6
27. g4 f5 28. g5 h5 29. Ke3 Kd7 30. c4 c6 31. dxc6+ Kxc6 32. Ne1 Be5 33. Nd3
Kd6 34. Kf3 Bh2 1/2-1/2

[Event "Vanja Somov's Mem.- Young Stars 2009"]
[Site " Kirishi RUS"]
[Date "2009.05.20"]
[Round "11"]
[White "Narayanan, Srinath"]
[Black "Shimanov, Aleksandr"]
[Result "0-1"]
[WhiteElo "2381"]
[BlackElo "2519"]
[PlyCount "78"]
[EventDate "2009.05.09"]
[EventType "tourn"]
[EventRounds "11"]
[EventCountry "RUS"]
[EventCategory "5"]
[Source "lmi"]
[SourceDate "2009.05.09"]

1. e4 c6 2. d4 d5 3. e5 Bf5 4. Nf3 e6 5. Be2 Nd7 6. O-O Bg6 7. Nbd2 Nh6 8. Nb3
Be7 9. a4 O-O 10. Bxh6 gxh6 11. Re1 Rc8 12. c3 Kg7 13. Qd2 Qb6 14. a5 Qc7 15.
h3 b6 16. Ra2 c5 17. Qe3 c4 18. Nbd2 b5 19. Nf1 f6 20. exf6+ Rxf6 21. N3h2 Bd6
22. g3 h5 23. Nf3 Rcf8 24. N1h2 e5 25. dxe5 Nxe5 26. Nxe5 Bxe5 27. Bxh5 Bd6 28.
Bxg6 Bc5 29. Qe5 Qxe5 30. Rxe5 Rxf2 31. Kh1 Kxg6 32. Rxd5 R8f5 33. Rd7 h5 34.
Ra1 Rxb2 35. Re1 Rff2 36. Nf1 Rg2 37. Re6+ Kf5 38. Re3 Bxe3 39. Nxe3+ Ke6 0-1

[Event "Vanja Somov's Mem.- Young Stars 2009"]
[Site " Kirishi RUS"]
[Date "2009.05.20"]
[Round "11"]
[White "Bukavshin, Ivan"]
[Black "Ganichev, Alexander"]
[Result "1-0"]
[WhiteElo "2365"]
[BlackElo "2154"]
[PlyCount "67"]
[EventDate "2009.05.09"]
[EventType "tourn"]
[EventRounds "11"]
[EventCountry "RUS"]
[EventCategory "5"]
[Source "lmi"]
[SourceDate "2009.05.09"]

1. c4 e6 2. d4 d5 3. Nc3 c5 4. cxd5 cxd4 5. Qa4+ Bd7 6. Qxd4 exd5 7. Qxd5 Nc6
8. Nf3 Nf6 9. Qd1 Bc5 10. e3 Qe7 11. Be2 g5 12. h3 Rg8 13. Bd2 h5 14. Nb5 O-O-O
15. Qc2 Kb8 16. Bc3 Bb6 17. Nd2 g4 18. O-O-O g3 19. fxg3 Bxe3 20. Kb1 a6 21.
Na3 Nd5 22. Nac4 Bxd2 23. Rxd2 Ndb4 24. Qh7 Rg6 25. Ka1 Bf5 26. Rxd8+ Nxd8 27.
Bxb4 Qxe2 28. Nd6 Nc6 29. Qxf7 Bc8 30. Qxg6 Nxb4 31. Rc1 Nd3 32. Rxc8+ Ka7 33.
Ra8+ Kb6 34. Nc4+ 1-0